000
00268nam a22001097a 4500
041
_a
eng
080
_a
80
100
_a
Козовик, І. Я., Шипайло, Л. Д.
245
_a
Підручник латинської мови.
650
_a
Latin
999
_c
279852
_d
279852
942
_c
BK